Výchovné správanie matiek, prosociálne a agresívne správanie detí predškolského veku

Bibliographic Details
Main Author: Antalíková, Lenka (Author)
Format: Article
Language:Slovak
PhysicalDescription:Grafy, tabuľky
ISSN:1338-0982
Subjects:
Online Access:www.pedagogika.sk

MARC

LEADER 00000nab a2200000 4500
001 vtls011752585
003 SK-MaSNL
005 20260304234026.0
008 180423| xo |||| ||an ||00 0|slo
015 |a SNBRB2018/04 
040 |e rda 
041 |a slo  |b slo  |b eng 
044 |a xo  |c SK 
080 |a 316.356.2-055.52  |x "465.04/.06"  |2 2011 
080 |a 37  |2 2011 
100 1 |a Antalíková, Lenka  |4 aut  |9 1497895 
245 1 0 |a Výchovné správanie matiek, prosociálne a agresívne správanie detí predškolského veku  |c Lenka Antalíková 
300 |b Grafy, tabuľky 
336 |a text  |b txt  |2 rdacontent 
337 |a počítač  |b n  |2 rdamedia 
338 |a online zdroj  |b nc  |2 rdacarrier 
504 |a Obsahuje bibliografiu 
546 |a Anglické a slovenské resumé 
650 0 7 |a matky  |2 SNKPH  |9 4906 
650 0 7 |a agresivita  |2 SNKPH  |9 14196 
650 0 7 |a predškolský vek  |2 snkbucl  |9 70893 
650 0 7 |a prosociálne správanie  |2 snkbucl  |9 49610 
650 0 7 |a výchova  |2 snkbucl  |9 957 
773 0 |t Pedagogika.sk (online)  |g Roč. 8, č. 1 (2017), s. 109-133  |x 1338-0982 
787 0 8 |i Rec.: 
856 4 1 |u www.pedagogika.sk 
958 |a NB 
999 |c 3201610  |d 3203540